00570nam a2200181 a 450000100100000000500170001000800410002704000250006804100130009310000160010624000380012224500780016026000470023830000210028549000200030650000420032683000200036800003495320200930074017.0111024s1955 ag 000 0 spa d aDO-SdBNPbspacBNPHU17aspahger1 aJung, C. G.12aPsychologie und ReligionlSpanish10aPsicología y religión /cCarl Gustav Jung ; tr. Ilse T.M. de Brugger. aBuenos Aires :bEdiciones Paidós,c1955. a163 p. ;c21 cm.1 aPaidós studio aIncluye notas al pie de las páginas 0aPaidós studio